[Event "HSG Open 2018"]
[Site "Hilversum"]
[Date "2018.06.22"]
[Round "1.9"]
[White "Zwirs, Nico"]
[Black "Jonsson, Gauti Pall"]
[Result "1/2-1/2"]
[BlackElo "2045"]
[WhiteElo "2377"]
[LiveChessVersion "1.4.8"]

1. e4 {[%clk 1:50:17]} e6 {[%clk 1:49:55]} 2. d4 {[%clk 1:50:18]} d5
{[%clk 1:49:44]} 3. Nd2 {[%clk 1:49:51]} c5 {[%clk 1:49:28]} 4. exd5
{[%clk 1:49:54]} Qxd5 {[%clk 1:49:13]} 5. dxc5 {[%clk 1:48:28]} Bxc5
{[%clk 1:46:34]} 6. Ngf3 {[%clk 1:48:26]} Nf6 {[%clk 1:44:22]} 7. Bd3
{[%clk 1:47:23]} Nc6 {[%clk 1:39:07]} 8. O-O {[%clk 1:47:18]} O-O
{[%clk 1:36:52]} 9. a3 {[%clk 1:45:49]} a5 {[%clk 1:30:47]} 10. Re1
{[%clk 1:42:24]} e5 {[%clk 1:25:54]} 11. Ne4 {[%clk 1:12:59]} Nxe4
{[%clk 1:18:08]} 12. Bxe4 {[%clk 1:12:59]} Qxd1 {[%clk 1:17:42]} 13. Rxd1
{[%clk 1:13:08]} Bg4 {[%clk 1:16:01]} 14. Re1 {[%clk 0:59:44]} f6
{[%clk 1:09:37]} 15. Be3 {[%clk 0:42:55]} Bxe3 {[%clk 1:06:45]} 16. fxe3
{[%clk 0:41:47]} Rfd8 {[%clk 1:03:26]} 17. Rad1 {[%clk 0:40:11]} Be6
{[%clk 0:58:02]} 18. Kf2 {[%clk 0:34:34]} g6 {[%clk 0:53:49]} 19. Ke2
{[%clk 0:28:58]} Kf7 {[%clk 0:50:40]} 20. Rxd8 {[%clk 0:28:15]} Rxd8
{[%clk 0:50:29]} 21. Rd1 {[%clk 0:27:49]} Rxd1 {[%clk 0:47:59]} 22. Kxd1
{[%clk 0:27:58]} Nd8 {[%clk 0:41:47]} 23. Bd3 {[%clk 0:23:45]} Ke7
{[%clk 0:39:50]} 24. c4 {[%clk 0:22:10]} Kd6 {[%clk 0:38:16]} 25. Kc2
{[%clk 0:20:13]} e4 {[%clk 0:31:35]} 26. Bxe4 {[%clk 0:20:17]} Bxc4
{[%clk 0:31:37]} 27. Nd4 {[%clk 0:19:50]} Bd5 {[%clk 0:28:24]} 28. Nb5+
{[%clk 0:16:54]} Ke5 {[%clk 0:23:13]} 29. Bxd5 {[%clk 0:17:00]} Kxd5
{[%clk 0:23:10]} 30. Nc3+ {[%clk 0:17:09]} Kd6 {[%clk 0:19:40]} 31. Kb3
{[%clk 0:15:53]} b6 {[%clk 0:15:26]} 32. Kc4 {[%clk 0:15:33]} Kc6
{[%clk 0:13:39]} 33. Nb5 {[%clk 0:13:08]} Ne6 {[%clk 0:12:10]} 34. a4
{[%clk 0:11:22]} Nc5 {[%clk 0:10:29]} 35. Nd4+ {[%clk 0:09:01]} Kc7
{[%clk 0:09:14]} 36. b3 {[%clk 0:08:55]} Kd6 {[%clk 0:08:05]} 37. Kb5
{[%clk 0:07:01]} Kc7 {[%clk 0:05:05]} 38. b4 {[%clk 0:06:21]} axb4
{[%clk 0:04:09]} 39. Kxb4 {[%clk 0:06:30]} Kd6 {[%clk 0:01:49]} 40. Nb5+
{[%clk 0:01:50]} Kc6 {[%clk 0:01:46]} 41. Nc3 {[%clk 0:01:40]} Nd3+
{[%clk 0:01:19]} 42. Kc4 {[%clk 0:01:48]} Ne5+ {[%clk 0:00:57]} 43. Kd4
{[%clk 0:01:48]} Nd7 {[%clk 0:00:42]} 44. Nd5 {[%clk 0:01:25]} f5
{[%clk 0:00:33]} 45. Nb4+ {[%clk 0:00:51]} Kd6 {[%clk 0:00:35]} 46. Nd3
{[%clk 0:00:35]} Nf6 {[%clk 0:00:34]} 47. h3 {[%clk 0:00:36]} Nd7
{[%clk 0:00:30]} 48. Kc4 {[%clk 0:00:36]} Kc6 {[%clk 0:00:30]} 49. Nb4+
{[%clk 0:00:17]} Kc7 {[%clk 0:00:17]} 50. Kb5 {[%clk 0:00:25]} Nf6
{[%clk 0:00:20]} 51. Kc4 {[%clk 0:00:20]} Kd6 {[%clk 0:00:26]} 52. Kb5
{[%clk 0:00:17]} Kc7 {[%clk 0:00:32]} 53. g3 {[%clk 0:00:16]} h6 {[%clk 0:00:37]}
54. Kc4 {[%clk 0:00:20]} Kd6 {[%clk 0:00:43]} 55. Kb5 {[%clk 0:00:18]} Kc7
{[%clk 0:00:49]} 56. Kc4 {[%clk 0:00:18]} 1/2-1/2

[Event "HSG Open 2018"]
[Site "Hilversum"]
[Date "2018.06.22"]
[Round "2.1"]
[White "Overeem, Marc"]
[Black "Van Foreest, Jorden"]
[Result "0-1"]
[BlackElo "2641"]
[WhiteElo "2230"]
[LiveChessVersion "1.4.8"]

1. Nf3 {[%clk 1:50:14]} d5 {[%clk 1:50:05]} 2. g3 {[%clk 1:50:07]} Nc6
{[%clk 1:50:09]} 3. d4 {[%clk 1:49:35]} Bf5 {[%clk 1:50:06]} 4. Bg2
{[%clk 1:48:39]} e6 {[%clk 1:50:06]} 5. O-O {[%clk 1:47:13]} Nb4 {[%clk 1:50:09]}
6. Na3 {[%clk 1:46:00]} h6 {[%clk 1:50:13]} 7. c3 {[%clk 1:44:14]} Nc6
{[%clk 1:50:02]} 8. b4 {[%clk 1:42:11]} a6 {[%clk 1:48:43]} 9. Bf4
{[%clk 1:31:17]} Bd6 {[%clk 1:47:26]} 10. Ne5 {[%clk 1:27:04]} Bxe5
{[%clk 1:47:28]} 11. Bxe5 {[%clk 1:26:22]} Nxe5 {[%clk 1:47:24]} 12. dxe5
{[%clk 1:26:27]} Ne7 {[%clk 1:47:20]} 13. Nc2 {[%clk 1:25:34]} Bxc2
{[%clk 1:46:32]} 14. Qxc2 {[%clk 1:25:40]} O-O {[%clk 1:46:34]} 15. Rfd1
{[%clk 1:21:18]} c6 {[%clk 1:43:55]} 16. c4 {[%clk 1:16:29]} Qb8 {[%clk 1:43:32]}
17. Qc3 {[%clk 1:10:05]} dxc4 {[%clk 1:41:57]} 18. Rd6 {[%clk 1:08:22]} b5
{[%clk 1:41:22]} 19. e4 {[%clk 1:03:23]} Nc8 {[%clk 1:40:50]} 20. Rd2
{[%clk 1:00:01]} Nb6 {[%clk 1:40:44]} 21. f4 {[%clk 0:56:05]} Na4
{[%clk 1:40:07]} 22. Qf3 {[%clk 0:55:10]} c5 {[%clk 1:39:55]} 23. bxc5
{[%clk 0:54:22]} Qc7 {[%clk 1:39:54]} 24. Rad1 {[%clk 0:53:55]} Qxc5+
{[%clk 1:39:37]} 25. Kh1 {[%clk 0:53:51]} c3 {[%clk 1:39:37]} 26. Rd6
{[%clk 0:49:56]} Rac8 {[%clk 1:39:23]} 27. Bf1 {[%clk 0:44:55]} Qb4
{[%clk 1:39:17]} 28. Bd3 {[%clk 0:35:28]} c2 {[%clk 1:36:58]} 29. Rc1
{[%clk 0:34:00]} Qb2 {[%clk 1:36:59]} 30. Qe3 {[%clk 0:32:03]} Rc3
{[%clk 1:36:44]} 31. Qd2 {[%clk 0:29:27]} Rfc8 {[%clk 1:33:46]} 32. f5
{[%clk 0:28:11]} Nc5 {[%clk 1:23:24]} 33. Rxc2 {[%clk 0:19:24]} Rxc2
{[%clk 1:22:53]} 34. Qxc2 {[%clk 0:15:55]} Qxe5 {[%clk 1:22:55]} 35. Rd7
{[%clk 0:11:42]} Ra8 {[%clk 1:23:00]} 0-1

[Event "HSG Open 2018"]
[Site "Hilversum"]
[Date "2018.06.22"]
[Round "2.2"]
[White "Guliyev, Namig"]
[Black "Keetman, Maaike"]
[Result "1-0"]
[BlackElo "2190"]
[WhiteElo "2547"]
[LiveChessVersion "1.4.8"]

1. e4 {[%clk 1:50:15]} e6 {[%clk 1:50:14]} 2. d4 {[%clk 1:47:17]} d5
{[%clk 1:50:14]} 3. Nc3 {[%clk 1:47:22]} Bb4 {[%clk 1:50:17]} 4. e5
{[%clk 1:47:19]} c5 {[%clk 1:50:14]} 5. a3 {[%clk 1:47:25]} Bxc3+
{[%clk 1:50:18]} 6. bxc3 {[%clk 1:47:30]} Qa5 {[%clk 1:50:15]} 7. Bd2
{[%clk 1:47:27]} Qa4 {[%clk 1:50:18]} 8. Qb1 {[%clk 1:47:32]} c4 {[%clk 1:50:21]}
9. h4 {[%clk 1:47:22]} Nc6 {[%clk 1:50:04]} 10. h5 {[%clk 1:47:27]} h6
{[%clk 1:50:01]} 11. g3 {[%clk 1:46:55]} Bd7 {[%clk 1:49:07]} 12. Bh3
{[%clk 1:46:54]} O-O-O {[%clk 1:48:22]} 13. Nf3 {[%clk 1:46:23]} Nge7
{[%clk 1:38:56]} 14. O-O {[%clk 1:46:09]} Rdf8 {[%clk 1:24:07]} 15. Re1
{[%clk 1:33:29]} g6 {[%clk 1:14:31]} 16. hxg6 {[%clk 1:26:15]} fxg6
{[%clk 1:10:12]} 17. Nh2 {[%clk 1:24:58]} g5 {[%clk 1:01:43]} 18. Qd1
{[%clk 1:18:29]} Nd8 {[%clk 0:57:33]} 19. Ng4 {[%clk 1:12:02]} Ng8
{[%clk 0:49:23]} 20. Ne3 {[%clk 1:05:25]} Kb8 {[%clk 0:46:20]} 21. Rb1
{[%clk 0:59:17]} Be8 {[%clk 0:40:41]} 22. Qc1 {[%clk 0:56:06]} Bg6
{[%clk 0:33:03]} 23. Qb2 {[%clk 0:55:33]} Rh7 {[%clk 0:30:39]} 24. Bg2
{[%clk 0:51:40]} Ne7 {[%clk 0:25:43]} 25. Rf1 {[%clk 0:45:12]} h5
{[%clk 0:23:12]} 26. f3 {[%clk 0:44:49]} h4 {[%clk 0:19:31]} 27. g4
{[%clk 0:42:20]} Rg7 {[%clk 0:18:21]} 28. Rf2 {[%clk 0:41:14]} Bh7
{[%clk 0:17:39]} 29. Bh3 {[%clk 0:38:01]} Rgf7 {[%clk 0:12:54]} 30. Rbf1
{[%clk 0:35:47]} Rg7 {[%clk 0:10:52]} 31. Bc1 {[%clk 0:34:01]} Ng6
{[%clk 0:09:26]} 32. Ng2 {[%clk 0:34:01]} Ne7 {[%clk 0:09:21]} 33. Be3
{[%clk 0:32:14]} Nf7 {[%clk 0:08:26]} 34. Kh2 {[%clk 0:31:34]} Rfg8
{[%clk 0:07:26]} 35. f4 {[%clk 0:27:27]} gxf4 {[%clk 0:07:19]} 36. Rxf4
{[%clk 0:27:06]} Ng5 {[%clk 0:06:41]} 37. Rf8+ {[%clk 0:27:02]} Nc8
{[%clk 0:04:23]} 38. Bxg5 {[%clk 0:26:35]} Rxg5 {[%clk 0:04:08]} 39. R8f7
{[%clk 0:26:24]} 1-0

[Event "HSG Open 2018"]
[Site "Hilversum"]
[Date "2018.06.22"]
[Round "2.3"]
[White "Balje, Jan"]
[Black "Nijboer, Friso"]
[Result "1/2-1/2"]
[BlackElo "2492"]
[WhiteElo "2196"]
[LiveChessVersion "1.4.8"]

1. d4 {[%clk 1:50:14]} f5 {[%clk 1:50:14]} 2. g3 {[%clk 1:50:12]} Nf6
{[%clk 1:50:18]} 3. Bg2 {[%clk 1:50:17]} g6 {[%clk 1:50:22]} 4. Nf3
{[%clk 1:49:55]} Bg7 {[%clk 1:50:27]} 5. b4 {[%clk 1:49:44]} Nc6 {[%clk 1:49:01]}
6. a3 {[%clk 1:48:48]} e6 {[%clk 1:42:17]} 7. Bb2 {[%clk 1:47:39]} Qe7
{[%clk 1:34:08]} 8. c4 {[%clk 1:45:12]} d6 {[%clk 1:31:48]} 9. Nc3
{[%clk 1:30:37]} O-O {[%clk 1:28:54]} 10. O-O {[%clk 1:30:13]} Bd7
{[%clk 1:13:51]} 11. Rc1 {[%clk 1:25:40]} Nd8 {[%clk 1:03:01]} 12. Re1
{[%clk 1:21:33]} Bh6 {[%clk 1:00:42]} 13. e3 {[%clk 1:14:41]} Nf7
{[%clk 1:00:07]} 14. Qb3 {[%clk 1:09:59]} g5 {[%clk 0:50:54]} 15. Rcd1
{[%clk 1:07:26]} e5 {[%clk 0:27:37]} 16. dxe5 {[%clk 1:06:22]} dxe5
{[%clk 0:27:29]} 17. e4 {[%clk 0:59:50]} f4 {[%clk 0:26:36]} 18. Nd5
{[%clk 0:57:32]} Nxd5 {[%clk 0:26:41]} 19. exd5 {[%clk 0:54:37]} Bg7
{[%clk 0:26:42]} 20. c5 {[%clk 0:45:12]} Rae8 {[%clk 0:26:44]} 21. d6
{[%clk 0:39:29]} cxd6 {[%clk 0:25:31]} 22. cxd6 {[%clk 0:39:30]} Qe6
{[%clk 0:25:17]} 23. Qxe6 {[%clk 0:35:11]} Bxe6 {[%clk 0:25:03]} 24. d7
{[%clk 0:32:00]} Re7 {[%clk 0:19:12]} 25. Nxe5 {[%clk 0:24:17]} Bxe5
{[%clk 0:18:08]} 26. Bxe5 {[%clk 0:13:31]} Bxd7 {[%clk 0:17:48]} 27. gxf4
{[%clk 0:10:56]} Rfe8 {[%clk 0:16:39]} 28. Bc3 {[%clk 0:10:43]} gxf4
{[%clk 0:09:53]} 29. Rxe7 {[%clk 0:08:48]} Rxe7 {[%clk 0:09:58]} 30. Bf6
{[%clk 0:06:05]} Re6 {[%clk 0:09:45]} 31. Rxd7 {[%clk 0:05:34]} Rxf6
{[%clk 0:09:53]} 32. Rxb7 {[%clk 0:05:07]} f3 {[%clk 0:08:40]} 33. Bf1
{[%clk 0:04:10]} Rg6+ {[%clk 0:03:22]} 34. Kh1 {[%clk 0:04:18]} Rd6
{[%clk 0:00:46]} 35. Rxa7 {[%clk 0:04:12]} Rd1 {[%clk 0:00:45]} 36. Kg1
{[%clk 0:04:20]} Ng5 {[%clk 0:00:37]} 37. h4 {[%clk 0:04:27]} Ne4
{[%clk 0:00:28]} 38. b5 {[%clk 0:00:36]} Nd2 {[%clk 0:00:36]} 1/2-1/2

[Event "HSG Open 2018"]
[Site "Hilversum"]
[Date "2018.06.22"]
[Round "2.4"]
[White "Beerdsen, Thomas"]
[Black "Floor, Dirk"]
[Result "1-0"]
[BlackElo "2186"]
[WhiteElo "2454"]
[LiveChessVersion "1.4.8"]

1. e4 {[%clk 1:47:09]} e5 {[%clk 1:50:11]} 2. Nf3 {[%clk 1:46:27]} Nf6
{[%clk 1:50:12]} 3. Nc3 {[%clk 1:46:32]} Nc6 {[%clk 1:50:14]} 4. a3
{[%clk 1:44:56]} d5 {[%clk 1:48:43]} 5. Bb5 {[%clk 1:44:56]} d4 {[%clk 1:41:00]}
6. Ne2 {[%clk 1:44:45]} Bd6 {[%clk 1:33:30]} 7. Bxc6+ {[%clk 1:44:31]} bxc6
{[%clk 1:33:32]} 8. d3 {[%clk 1:44:37]} Rb8 {[%clk 1:25:05]} 9. O-O
{[%clk 1:42:38]} h6 {[%clk 1:21:57]} 10. h3 {[%clk 1:39:45]} Be6 {[%clk 1:16:41]}
11. b3 {[%clk 1:37:46]} g5 {[%clk 1:07:12]} 12. Nd2 {[%clk 1:35:35]} Qd7
{[%clk 1:00:24]} 13. Ng3 {[%clk 1:30:23]} Kf8 {[%clk 0:50:37]} 14. Nc4
{[%clk 1:29:46]} Kg7 {[%clk 0:44:21]} 15. h4 {[%clk 1:26:59]} gxh4
{[%clk 0:30:01]} 16. Nh5+ {[%clk 1:25:06]} Nxh5 {[%clk 0:30:05]} 17. Qxh5
{[%clk 1:25:11]} Bg4 {[%clk 0:24:12]} 18. Qxh4 {[%clk 1:24:33]} Be2
{[%clk 0:23:13]} 19. Re1 {[%clk 1:23:40]} Qg4 {[%clk 0:22:40]} 20. Qh2
{[%clk 1:20:24]} Qh5 {[%clk 0:17:56]} 21. f3 {[%clk 1:19:33]} 1-0

[Event "HSG Open 2018"]
[Site "Hilversum"]
[Date "2018.06.22"]
[Round "2.5"]
[White "Plasman, Hans"]
[Black "Ten Hertog, Hugo"]
[Result "1-0"]
[BlackElo "2453"]
[WhiteElo "2178"]
[LiveChessVersion "1.4.8"]

1. e4 {[%clk 1:48:49]} g6 {[%clk 1:50:02]} 2. d4 {[%clk 1:48:33]} Bg7
{[%clk 1:50:02]} 3. Nc3 {[%clk 1:47:22]} d6 {[%clk 1:50:03]} 4. Be3
{[%clk 1:47:27]} a6 {[%clk 1:50:09]} 5. h4 {[%clk 1:46:17]} Nf6 {[%clk 1:47:32]}
6. f3 {[%clk 1:44:04]} h5 {[%clk 1:47:30]} 7. Qd2 {[%clk 1:43:59]} b5
{[%clk 1:47:34]} 8. a4 {[%clk 1:43:17]} b4 {[%clk 1:47:23]} 9. Nd1
{[%clk 1:41:41]} a5 {[%clk 1:47:28]} 10. c3 {[%clk 1:40:45]} O-O {[%clk 1:45:12]}
11. Nh3 {[%clk 1:37:19]} Na6 {[%clk 1:39:10]} 12. Bh6 {[%clk 1:35:02]} e5
{[%clk 1:35:38]} 13. Bxg7 {[%clk 1:34:31]} Kxg7 {[%clk 1:35:45]} 14. Ne3
{[%clk 1:33:03]} bxc3 {[%clk 1:28:38]} 15. bxc3 {[%clk 1:32:44]} Rb8
{[%clk 1:25:48]} 16. Bc4 {[%clk 1:28:26]} exd4 {[%clk 1:23:41]} 17. cxd4
{[%clk 1:27:56]} Nb4 {[%clk 1:19:36]} 18. Ng5 {[%clk 1:15:32]} d5
{[%clk 1:16:34]} 19. exd5 {[%clk 1:12:10]} Nfxd5 {[%clk 1:03:23]} 20. Nxd5
{[%clk 1:08:21]} Nxd5 {[%clk 1:03:24]} 21. O-O {[%clk 1:02:20]} Rb4
{[%clk 1:03:27]} 22. Rfc1 {[%clk 0:58:55]} Bf5 {[%clk 0:54:05]} 23. Bxd5
{[%clk 0:51:48]} Qxd5 {[%clk 0:54:10]} 24. Rxc7 {[%clk 0:50:25]} Qxd4+
{[%clk 0:50:52]} 25. Qxd4+ {[%clk 0:50:28]} Rxd4 {[%clk 0:51:01]} 26. Ra2
{[%clk 0:48:43]} Rxh4 {[%clk 0:47:25]} 27. Ra7 {[%clk 0:46:33]} Kh6
{[%clk 0:43:18]} 28. Rxf7 {[%clk 0:36:34]} Rc8 {[%clk 0:19:57]} 29. g3
{[%clk 0:35:13]} Rc1+ {[%clk 0:18:16]} 30. Kg2 {[%clk 0:34:01]} Rhc4
{[%clk 0:15:06]} 31. f4 {[%clk 0:33:47]} Rc7 {[%clk 0:15:11]} 32. Re2
{[%clk 0:28:31]} h4 {[%clk 0:05:35]} 33. Rxc7 {[%clk 0:23:26]} Rxc7
{[%clk 0:05:38]} 34. gxh4 {[%clk 0:23:26]} Kh5 {[%clk 0:02:19]} 35. Kg3
{[%clk 0:23:09]} Rc3+ {[%clk 0:02:22]} 36. Nf3 {[%clk 0:23:10]} Ra3
{[%clk 0:01:56]} 37. Re5 {[%clk 0:21:25]} Rxa4 {[%clk 0:01:31]} 38. Re7
{[%clk 0:21:08]} Kh6 {[%clk 0:01:24]} 39. Ne5 {[%clk 0:15:21]} Ra3+
{[%clk 0:01:15]} 40. Kf2 {[%clk 0:14:34]} a4 {[%clk 0:00:27]} 41. Ra7
{[%clk 0:14:37]} Be4 {[%clk 0:00:19]} 42. Ng4+ {[%clk 0:14:40]} Kh5
{[%clk 0:00:27]} 43. Nf6+ {[%clk 0:14:43]} Kxh4 {[%clk 0:00:32]} 44. Rh7#
{[%clk 0:14:47]} 1-0

[Event "HSG Open 2018"]
[Site "Hilversum"]
[Date "2018.06.22"]
[Round "2.6"]
[White "Arnaudov, G. Petar"]
[Black "Witt, Rob"]
[Result "1-0"]
[BlackElo "2168"]
[WhiteElo "2445"]
[LiveChessVersion "1.4.8"]

1. Nf3 {[%clk 1:50:15]} Nf6 {[%clk 1:50:01]} 2. c4 {[%clk 1:50:12]} e6
{[%clk 1:48:31]} 3. g3 {[%clk 1:50:14]} d5 {[%clk 1:48:33]} 4. Bg2
{[%clk 1:50:16]} Be7 {[%clk 1:45:38]} 5. O-O {[%clk 1:50:13]} O-O
{[%clk 1:45:35]} 6. d4 {[%clk 1:50:16]} dxc4 {[%clk 1:45:04]} 7. Ne5
{[%clk 1:49:43]} Nc6 {[%clk 1:44:34]} 8. Nxc6 {[%clk 1:49:40]} bxc6
{[%clk 1:44:37]} 9. Na3 {[%clk 1:49:46]} Ba6 {[%clk 1:42:14]} 10. Qa4
{[%clk 1:46:49]} Qc8 {[%clk 1:42:00]} 11. Nxc4 {[%clk 1:43:33]} Bb5
{[%clk 1:40:03]} 12. Qc2 {[%clk 1:42:59]} Nd5 {[%clk 1:33:21]} 13. b3
{[%clk 1:38:44]} a5 {[%clk 1:18:27]} 14. a4 {[%clk 1:35:02]} Nb4 {[%clk 1:18:00]}
15. Qc3 {[%clk 1:33:21]} Ba6 {[%clk 1:13:00]} 16. Bb2 {[%clk 1:31:58]} Nd5
{[%clk 1:06:07]} 17. Qf3 {[%clk 1:30:29]} Bb7 {[%clk 1:04:58]} 18. Rac1
{[%clk 1:28:42]} f6 {[%clk 1:02:53]} 19. Rfd1 {[%clk 1:28:02]} Ra7
{[%clk 0:55:32]} 20. Ba3 {[%clk 1:27:00]} Bxa3 {[%clk 0:54:24]} 21. Nxa3
{[%clk 1:27:02]} Qd7 {[%clk 0:53:36]} 22. Rc5 {[%clk 1:25:33]} Qe7
{[%clk 0:51:36]} 23. Nc4 {[%clk 1:20:01]} Rfa8 {[%clk 0:51:37]} 24. e4
{[%clk 1:17:44]} Nb6 {[%clk 0:51:03]} 25. Qc3 {[%clk 1:16:10]} Nxc4
{[%clk 0:40:11]} 26. Qxc4 {[%clk 1:15:56]} Rd8 {[%clk 0:36:41]} 27. Rc1
{[%clk 1:11:21]} Kf8 {[%clk 0:33:46]} 28. e5 {[%clk 1:10:23]} f5 {[%clk 0:33:39]}
29. Bxc6 {[%clk 1:09:52]} f4 {[%clk 0:28:08]} 30. Qc3 {[%clk 0:59:22]} fxg3
{[%clk 0:24:10]} 31. Qf3+ {[%clk 0:54:33]} Kg8 {[%clk 0:24:00]} 32. Bxb7
{[%clk 0:53:28]} Rf8 {[%clk 0:20:08]} 33. Rxc7 {[%clk 0:52:17]} gxf2+
{[%clk 0:15:38]} 34. Kf1 {[%clk 0:52:01]} Qh4 {[%clk 0:10:57]} 35. Rc8
{[%clk 0:51:02]} 1-0

[Event "HSG Open 2018"]
[Site "Hilversum"]
[Date "2018.06.22"]
[Round "2.7"]
[White "Vlaming, Jos"]
[Black "De Rover, Yong Hoon"]
[Result "0-1"]
[BlackElo "2415"]
[WhiteElo "2147"]
[LiveChessVersion "1.4.8"]

1. c4 {[%clk 1:50:16]} Nf6 {[%clk 1:48:43]} 2. Nc3 {[%clk 1:49:59]} g6
{[%clk 1:48:17]} 3. g3 {[%clk 1:49:58]} Bg7 {[%clk 1:48:11]} 4. Bg2
{[%clk 1:50:06]} O-O {[%clk 1:47:55]} 5. e4 {[%clk 1:50:14]} c5 {[%clk 1:47:12]}
6. Nge2 {[%clk 1:50:19]} Nc6 {[%clk 1:47:09]} 7. O-O {[%clk 1:50:19]} a6
{[%clk 1:45:34]} 8. a3 {[%clk 1:42:52]} b5 {[%clk 1:41:01]} 9. cxb5
{[%clk 1:41:54]} axb5 {[%clk 1:41:03]} 10. Nxb5 {[%clk 1:39:51]} Ba6
{[%clk 1:40:45]} 11. Nbc3 {[%clk 1:39:07]} Rb8 {[%clk 1:40:18]} 12. d3
{[%clk 1:33:44]} d6 {[%clk 1:39:46]} 13. Rb1 {[%clk 1:27:20]} Ne5
{[%clk 1:38:53]} 14. d4 {[%clk 1:22:08]} cxd4 {[%clk 1:37:39]} 15. Nxd4
{[%clk 1:20:33]} Bxf1 {[%clk 1:36:22]} 16. Bxf1 {[%clk 1:20:31]} Qb6
{[%clk 1:35:34]} 17. Kg2 {[%clk 1:18:35]} Rfc8 {[%clk 1:34:22]} 18. Ndb5
{[%clk 1:14:45]} Nc4 {[%clk 1:26:44]} 19. b3 {[%clk 1:12:58]} Nxe4
{[%clk 1:19:46]} 20. Nxe4 {[%clk 1:06:00]} Qxb5 {[%clk 1:19:36]} 21. Bd3
{[%clk 1:05:33]} Qc6 {[%clk 1:11:25]} 22. bxc4 {[%clk 1:01:00]} Rxb1
{[%clk 1:09:58]} 23. Bxb1 {[%clk 1:01:07]} f5 {[%clk 1:09:44]} 24. Qf3
{[%clk 1:00:39]} Qxc4 {[%clk 1:03:42]} 25. Ng5 {[%clk 0:58:54]} h6
{[%clk 1:03:03]} 26. Bd3 {[%clk 0:47:25]} Qb3 {[%clk 0:56:09]} 0-1

[Event "HSG Open 2018"]
[Site "Hilversum"]
[Date "2018.06.22"]
[Round "2.8"]
[White "Petrisor, Adrian-Marian"]
[Black "De Boer, Bas"]
[Result "1-0"]
[BlackElo "2137"]
[WhiteElo "2400"]
[LiveChessVersion "1.4.8"]

1. e4 {[%clk 1:49:09]} c5 {[%clk 1:50:14]} 2. Nf3 {[%clk 1:49:13]} e6
{[%clk 1:50:18]} 3. d4 {[%clk 1:48:59]} cxd4 {[%clk 1:50:22]} 4. Nxd4
{[%clk 1:49:05]} Nc6 {[%clk 1:50:24]} 5. Nc3 {[%clk 1:49:07]} Qc7
{[%clk 1:50:29]} 6. Be3 {[%clk 1:48:40]} a6 {[%clk 1:50:25]} 7. Nxc6
{[%clk 1:46:48]} Qxc6 {[%clk 1:50:05]} 8. Qd4 {[%clk 1:46:33]} b5
{[%clk 1:45:41]} 9. a3 {[%clk 1:45:27]} Bb7 {[%clk 1:43:43]} 10. Be2
{[%clk 1:40:56]} d6 {[%clk 1:41:05]} 11. a4 {[%clk 1:37:53]} b4 {[%clk 1:31:16]}
12. Qxb4 {[%clk 1:37:32]} d5 {[%clk 1:31:20]} 13. exd5 {[%clk 1:29:23]} Bxb4
{[%clk 1:30:21]} 14. dxc6 {[%clk 1:29:27]} Bxc6 {[%clk 1:30:25]} 15. O-O
{[%clk 1:29:28]} Bxc3 {[%clk 1:28:06]} 16. bxc3 {[%clk 1:29:32]} Ne7
{[%clk 1:28:02]} 17. a5 {[%clk 1:29:04]} Nd5 {[%clk 1:20:20]} 18. Bd2
{[%clk 1:28:24]} O-O {[%clk 1:19:48]} 19. c4 {[%clk 1:26:52]} Nf6
{[%clk 1:19:43]} 20. Rfb1 {[%clk 1:26:03]} Nd7 {[%clk 1:18:20]} 21. Bb4
{[%clk 1:23:38]} Rfc8 {[%clk 1:17:52]} 22. Bd6 {[%clk 1:23:41]} f6
{[%clk 1:16:12]} 23. Rb2 {[%clk 1:20:34]} Kf7 {[%clk 1:15:05]} 24. Rab1
{[%clk 1:20:11]} g6 {[%clk 1:13:45]} 25. h4 {[%clk 1:17:30]} e5 {[%clk 1:13:35]}
26. Rd1 {[%clk 1:15:54]} Ke6 {[%clk 1:10:50]} 27. Ba3 {[%clk 1:13:36]} Rab8
{[%clk 1:09:36]} 28. Rd6+ {[%clk 1:13:17]} Kf7 {[%clk 1:09:36]} 29. Rb3
{[%clk 1:10:41]} 1-0

[Event "HSG Open 2018"]
[Site "Hilversum"]
[Date "2018.06.22"]
[Round "2.9"]
[White "Warmerdam, Max"]
[Black "Van Foreest, Machteld"]
[Result "1-0"]
[BlackElo "2123"]
[WhiteElo "2370"]
[LiveChessVersion "1.4.8"]

1. e4 {[%clk 1:50:17]} e5 {[%clk 1:50:17]} 2. Nf3 {[%clk 1:50:23]} Nc6
{[%clk 1:50:21]} 3. Bb5 {[%clk 1:50:27]} a6 {[%clk 1:50:28]} 4. Ba4
{[%clk 1:50:33]} Nf6 {[%clk 1:50:33]} 5. O-O {[%clk 1:50:37]} Be7
{[%clk 1:50:38]} 6. Re1 {[%clk 1:50:42]} b5 {[%clk 1:50:45]} 7. Bb3
{[%clk 1:50:48]} O-O {[%clk 1:50:51]} 8. a4 {[%clk 1:50:54]} b4 {[%clk 1:50:56]}
9. d4 {[%clk 1:51:00]} d6 {[%clk 1:49:11]} 10. dxe5 {[%clk 1:51:05]} dxe5
{[%clk 1:42:45]} 11. Nbd2 {[%clk 1:50:43]} Bg4 {[%clk 1:38:13]} 12. h3
{[%clk 1:40:41]} Bxf3 {[%clk 1:33:32]} 13. Qxf3 {[%clk 1:22:52]} Nd4
{[%clk 1:32:26]} 14. Qg3 {[%clk 1:20:45]} Nd7 {[%clk 1:22:50]} 15. Nc4
{[%clk 1:07:46]} Nc5 {[%clk 1:10:48]} 16. Be3 {[%clk 1:05:02]} Ncxb3
{[%clk 0:59:41]} 17. cxb3 {[%clk 1:04:52]} f6 {[%clk 0:59:37]} 18. Bxd4
{[%clk 1:02:36]} Qxd4 {[%clk 0:58:54]} 19. Rad1 {[%clk 1:02:28]} Qa7
{[%clk 0:59:03]} 20. Rd7 {[%clk 1:01:50]} Qc5 {[%clk 0:53:01]} 21. Red1
{[%clk 1:01:04]} Rfd8 {[%clk 0:50:35]} 22. Qg4 {[%clk 1:00:45]} a5
{[%clk 0:48:08]} 23. R1d5 {[%clk 1:00:29]} 1-0

[Event "HSG Open 2018"]
[Site "Hilversum"]
[Date "2018.06.22"]
[Round "2.10"]
[White "Hilwerda, Jonas"]
[Black "Van de Griendt, Jan Willem"]
[Result "1/2-1/2"]
[BlackElo "2347"]
[WhiteElo "2127"]
[LiveChessVersion "1.4.8"]

1. e4 {[%clk 1:50:17]} e6 {[%clk 1:40:15]} 2. d4 {[%clk 1:50:20]} d5
{[%clk 1:40:22]} 3. Nc3 {[%clk 1:49:35]} Bb4 {[%clk 1:40:14]} 4. Qg4
{[%clk 1:48:24]} Nf6 {[%clk 1:37:44]} 5. Qxg7 {[%clk 1:48:22]} Rg8
{[%clk 1:37:50]} 6. Qh6 {[%clk 1:48:25]} dxe4 {[%clk 1:37:51]} 7. Nge2
{[%clk 1:46:40]} Nbd7 {[%clk 1:21:30]} 8. g3 {[%clk 1:43:50]} b6 {[%clk 1:12:06]}
9. Bg2 {[%clk 1:43:02]} Bb7 {[%clk 1:10:31]} 10. O-O {[%clk 1:41:28]} a6
{[%clk 0:57:02]} 11. Bg5 {[%clk 1:33:52]} Bf8 {[%clk 0:51:48]} 12. Qh4
{[%clk 1:21:54]} h6 {[%clk 0:51:24]} 13. Bxf6 {[%clk 1:20:37]} Qxf6
{[%clk 0:51:08]} 14. Qxf6 {[%clk 1:11:52]} Nxf6 {[%clk 0:50:59]} 15. f3
{[%clk 1:09:33]} c5 {[%clk 0:42:42]} 16. Kh1 {[%clk 1:02:12]} cxd4
{[%clk 0:36:07]} 17. Nxd4 {[%clk 1:00:31]} Bg7 {[%clk 0:35:07]} 18. Nde2
{[%clk 0:52:02]} Rd8 {[%clk 0:31:01]} 19. Rad1 {[%clk 0:46:41]} Rxd1
{[%clk 0:23:10]} 20. Nxd1 {[%clk 0:46:49]} Ke7 {[%clk 0:23:09]} 21. Nec3
{[%clk 0:43:47]} Rd8 {[%clk 0:16:42]} 22. fxe4 {[%clk 0:42:54]} Ng4
{[%clk 0:15:26]} 23. h3 {[%clk 0:36:46]} Bxc3 {[%clk 0:15:12]} 24. Nxc3
{[%clk 0:35:16]} Ne3 {[%clk 0:15:03]} 25. Rf2 {[%clk 0:34:44]} b5
{[%clk 0:08:51]} 26. Re2 {[%clk 0:26:38]} Nc4 {[%clk 0:03:20]} 27. b3
{[%clk 0:23:55]} Ne5 {[%clk 0:03:29]} 28. Kg1 {[%clk 0:22:09]} Bc6
{[%clk 0:03:33]} 29. Kf2 {[%clk 0:19:31]} f6 {[%clk 0:03:32]} 30. Ke1
{[%clk 0:17:35]} b4 {[%clk 0:02:07]} 31. Nd1 {[%clk 0:16:23]} a5 {[%clk 0:01:44]}
32. Rd2 {[%clk 0:08:30]} 1/2-1/2